Continent - Statistiques

Statistiques générales
  • Ce quiz a été pris 50 fois
  • Le résultat moyen est 6 sur 6
Statistiques - réponses
Réponse % Correct
Amérique
100%
Asie
100%
Europe
100%
Afrique
98%
Océanie
98%
Antarctique
75%
Aucun quiz correspondant
Distribution des résultats
% des personnes avec chaque résultat
Percentile par nombre de réponses
Votre historique - résultats
Vous n’avez pas pris ce quiz